000 00448nam a2200145Ia 4500
008 200619s9999 xx 000 0 und d
020 _a9788175224308
082 _a341RAH
100 _aRahim Kazi M. B. Mukhopadhyay Malay, Sarkar Debashis
245 0 _aRiver Bank Erosion & Land Loss
264 _aKolkatta
_bVisva Bharati Publishing Department
_c2008
300 _a134
942 _cIR
999 _c120046
_d120046